[Event "Portugal Open 2017"]
[Site "masterchessopen.com Lisbon POR"]
[Date "2017.02.04"]
[Round "2.8"]
[White "Cuevas Fernandez,M"]
[Black "Grigoryan,K2"]
[Result "0-1"]
[WhiteElo "2167"]
[BlackElo "2561"]

1. d4 Nf6 2. c4 e5 3. dxe5 Ng4 4. e4 Nxe5 5. f4 Ng6 6. Be3 Bb4+ 7. Kf2 O-O 8.
a3 Bd6 9. g3 Qe7 10. Nc3 Bc5 11. Nd5 Bxe3+ 12. Kxe3 Qd8 13. Bd3 c6 14. Nc3
Qb6+ 15. Kf3 Qxb2 16. Nge2 Qb6 17. h4 Ne7 18. e5 d6 19. exd6 Nf5 20. Bxf5 Bxf5
21. Nd4 Bd7 22. Na4 Qa5 23. c5 b5 24. Nb2 Qc3+ 25. Qd3 Qxc5 26. Nb3 Qh5+ 27.
Kf2 c5 28. Qe3 Re8 29. Qd2 c4 30. Na5 Nc6 {#R} 0-1

[Event "Portugal Open 2017"]
[Site "masterchessopen.com Lisbon POR"]
[Date "2017.02.04"]
[Round "2.21"]
[White "Alvarez Marquez,J"]
[Black "Cuevas Fernandez,J"]
[Result "1-0"]
[WhiteElo "2398"]
[BlackElo "2116"]

1. d4 Nf6 2. c4 e5 3. dxe5 Ng4 4. Bf4 Nc6 5. Nf3 Bb4+ 6. Nbd2 Qe7 7. a3 Bxd2+
8. Qxd2 Ngxe5 9. Nxe5 Nxe5 10. e3 d6 11. Be2 O-O 12. O-O Bd7 13. c5 Bc6 14.
cxd6 cxd6 15. Rfd1 Rfd8 16. b4 b5 17. Rac1 Rac8 18. h3 Qe6 19. Qd4 Qg6 20. Bg3
a6 21. Bf1 f6 22. Rc3 Qe4 23. Qxe4 Bxe4 24. Rxc8 Rxc8 25. Rxd6 Rc1 26. Bxe5
fxe5 27. f3 Bc6 28. e4 Kf7 29. Kf2 Ke7 30. Rd3 Bd7 31. Rd5 Be6 32. Rxe5 Kd6
33. Rg5 g6 34. f4 Rc2+ 35. Ke3 Rc3+ 36. Kd4 Rxa3 37. f5 gxf5 38. exf5 Bf7 39.
Rg7 Ke7 40. Rxh7 a5 41. bxa5 Rxa5 42. Kc5 Kf6 43. g4 {#r} 1-0

[Event "Dutch League 2016-17"]
[Site "masterchessopen.com Netherlands NED"]
[Date "2017.02.04"]
[Round "6.9"]
[White "Balje,J"]
[Black "Quist,J"]
[Result "0-1"]
[WhiteElo "2230"]
[BlackElo "2309"]

1. d4 Nf6 2. c4 e5 3. dxe5 Ng4 4. Nf3 Bc5 5. e3 Nc6 6. Nc3 Ngxe5 7. Nxe5 Nxe5
8. Be2 O-O 9. O-O Re8 10. b3 a5 11. Na4 Bf8 12. f4 Nc6 13. Bf3 d6 14. Nc3 g6
15. Bd2 Bg7 16. Rc1 Nb4 17. Qe2 Na6 18. Rce1 Nc5 19. g4 c6 20. Qg2 a4 21. b4
Nd3 22. Rb1 Qe7 23. Ne2 Qe6 24. b5 cxb5 25. Bd5 Qxg4 26. Rxb5 Qxg2+ 27. Kxg2
Nc5 28. Rb6 Ne4 29. Bb4 Nf6 30. Nc3 Rxe3 31. Nb5 Bh3+ 32. Kg1 Nxd5 33. cxd5
Bxf1 34. Kxf1 Rf3+ 35. Kg1 Rxf4 36. Bxd6 Rf5 37. Nc7 Rd8 38. Be7 Rd7 39. d6
Bf8 {#R} 0-1

[Event "PRO League Eastern 2017"]
[Site "masterchessopen.com chess.com INT"]
[Date "2017.02.01"]
[Round "4"]
[White "Nishant,M"]
[Black "Balabaev,T"]
[Result "0-1"]
[WhiteElo "2186"]
[BlackElo "2393"]

1. d4 Nf6 2. c4 d6 3. Nc3 e5 4. d5 g6 5. e4 a5 6. f3 Nfd7 7. Be3 Bh6 8. Qd2
Bxe3 9. Qxe3 O-O 10. Bd3 Nc5 11. Bc2 f5 12. exf5 gxf5 13. O-O-O Nbd7 14. f4
Nb6 15. fxe5 Nxc4 16. Qg3+ Kh8 17. Nf3 f4 18. Qf2 Ne3 19. Rd2 Nxc2 20. Kxc2
Bf5+ 21. Kd1 Nd3 22. Rxd3 Bxd3 23. exd6 Bg6 24. Qd4+ Kg8 25. dxc7 Qxc7 26. Re1
Rad8 27. a4 Qg7 28. Qc5 Bh5 29. Kc1 Rfe8 30. Rxe8+ Rxe8 31. d6 Bg4 32. Ne5
Qxe5 33. Qc4+ Kh8 34. Qf7 Qe3+ 35. Kb1 Qe6 36. Qxf4 Qf5+ {#R} 0-1

[Event "13th Moscow Open B w 2017"]
[Site "masterchessopen.com Moscow RUS"]
[Date "2017.02.05"]
[Round "9.1"]
[White "Galliamova,A"]
[Black "Gritsayeva,O"]
[Result "0-1"]
[WhiteElo "2446"]
[BlackElo "2321"]

1. d4 Nf6 2. c4 c5 3. d5 g6 4. Nc3 d6 5. g3 Bg7 6. Bg2 O-O 7. e3 Na6 8. Nge2
Nc7 9. a4 a6 10. a5 Rb8 11. O-O e6 12. dxe6 Bxe6 13. b3 d5 14. Ba3 dxc4 15.
bxc4 Nd7 16. Ra2 Re8 17. Rd2 Qe7 18. Na4 Red8 19. Qc1 Ne5 20. Bxc5 Qe8 21.
Rxd8 Rxd8 22. Nb6 Bg4 23. Nd4 Ne6 24. Nxe6 Qxe6 25. f4 Nd3 26. Qd2 Qe8 27. Ba3
Bc3 28. Qc2 Qxe3+ 29. Kh1 Ne1 30. Qc1 Nxg2 31. Nd5 Rxd5 32. cxd5 Qe2 33. Bc5
Ne1 34. Rf2 Qe4+ 35. Kg1 Nf3+ 36. Kg2 Ng5+ {#R} 0-1

[Event "Gibraltar Masters 2017"]
[Site "masterchessopen.com Caleta ENG"]
[Date "2017.02.01"]
[Round "9.89"]
[White "Hamer,M"]
[Black "Weisbuch,U"]
[Result "1-0"]
[WhiteElo "2039"]
[BlackElo "2240"]

1. d4 Nf6 2. c4 c5 3. d5 b5 4. cxb5 a6 5. Nc3 axb5 6. e4 b4 7. Nb5 d6 8. Bc4
g6 9. e5 dxe5 10. d6 Na6 11. Bg5 Bb7 12. Qb3 Bg7 13. Bxf7+ Kf8 14. Nf3 exd6
15. O-O-O c4 16. Bxc4 Nc5 17. Qxb4 e4 18. Rxd6 Qe7 19. Qxc5 Rc8 20. Bxf6 Rxc5
21. Bxe7+ Kxe7 22. Re6+ Kf8 23. Nd6 Bh6+ 24. Nd2 Bd5 25. Re5 Rxc4+ 26. N6xc4
Bxc4 27. Rxe4 Bxa2 28. Ra4 Bd5 29. Ra7 Bxg2 30. Re1 Bf4 31. h4 h5 32. Kc2 g5
33. hxg5 h4 34. g6 Bh6 35. Rf7+ {#r} 1-0

[Event "Portugal Open 2017"]
[Site "masterchessopen.com Lisbon POR"]
[Date "2017.02.05"]
[Round "3.17"]
[White "Menezes,Chr"]
[Black "Rey Malde,H"]
[Result "0-1"]
[WhiteElo "2404"]
[BlackElo "2126"]

1. d4 Nf6 2. c4 c5 3. d5 b5 4. Nf3 Bb7 5. a4 Qa5+ 6. Bd2 b4 7. Qc2 g6 8. e4 d6
9. Bd3 Bg7 10. O-O Nbd7 11. h3 h6 12. Re1 O-O-O 13. e5 dxe5 14. Nxe5 Nxe5 15.
Rxe5 Qc7 16. Re1 e6 17. dxe6 Qd6 18. Bf1 fxe6 19. Bc1 g5 20. Qg6 Rhg8 21. Nd2
g4 22. h4 Bh8 23. Qxh6 g3 24. fxg3 Rxg3 25. Nf3 Rxf3 {#R} 0-1

[Event "Turkish Cup 2017"]
[Site "masterchessopen.com Antalya TUR"]
[Date "2017.02.03"]
[Round "10.6"]
[White "Koc,I"]
[Black "Arat,Uf"]
[Result "0-1"]
[WhiteElo "2050"]
[BlackElo "2392"]

1. d4 Nf6 2. c4 e6 3. Nf3 c5 4. d5 exd5 5. cxd5 d6 6. Nc3 g6 7. Nd2 Bg7 8. e4
O-O 9. Bd3 Re8 10. O-O a6 11. a4 Nbd7 12. Nc4 Ne5 13. Nxe5 Rxe5 14. Bf4 Re8
15. h3 Rb8 16. Re1 Nh5 17. Be3 Be5 18. Qd2 Qf6 19. Ne2 b5 20. axb5 axb5 21.
Ra2 Qe7 22. f4 Bh8 23. Bf2 Nf6 24. Ng3 Nd7 25. b3 h5 26. Ra7 Qf6 27. e5 dxe5
28. f5 c4 29. Ne4 Qd8 30. fxg6 cxd3 31. gxf7+ Kxf7 32. Qh6 Kg8 33. Rf1 Rb7 34.
Qg6+ Bg7 35. Rxb7 Bxb7 36. Ng5 Nf6 37. Bc5 Qxd5 {#R} 0-1

[Event "22nd HIT Open 2017"]
[Site "masterchessopen.com Nova Gorica SLO"]
[Date "2017.01.30"]
[Round "6.3"]
[White "Sebenik,M"]
[Black "Zuttioni,F"]
[Result "1-0"]
[WhiteElo "2534"]
[BlackElo "2203"]

1. d4 Nf6 2. c4 c5 3. d5 e6 4. Nc3 exd5 5. cxd5 d6 6. e4 g6 7. f4 Qe7 8. Nf3
Nbd7 9. Bd3 Bg7 10. O-O O-O 11. Kh1 b5 12. e5 dxe5 13. Bxb5 e4 14. d6 Qd8 15.
Ne5 Nxe5 16. fxe5 Ng4 17. d7 Qh4 18. Bf4 Bxd7 19. Bg3 Qh6 20. Qxd7 Nxe5 21.
Qd5 Nd3 22. Rxf7 Rxf7 23. Qxa8+ Rf8 24. Qd5+ {#r} 1-0

[Event "Turkish Cup 2017"]
[Site "masterchessopen.com Antalya TUR"]
[Date "2017.01.31"]
[Round "6.5"]
[White "Soysal,Serkan"]
[Black "Mecit,E"]
[Result "1-0"]
[WhiteElo "2336"]
[BlackElo "2111"]

1. d4 Nf6 2. c4 c5 3. d5 e6 4. Nc3 exd5 5. cxd5 d6 6. e4 g6 7. f4 Bg7 8. Bb5+
Nfd7 9. Nf3 a6 10. Bd3 b5 11. O-O O-O 12. Qe1 Re8 13. Qg3 c4 14. Bc2 Nf6 15.
a3 Nbd7 16. f5 Nc5 17. fxg6 hxg6 18. Ng5 Ra7 19. Qh4 Ncd7 20. Be3 Rb7 21. Rf2
Nf8 22. h3 a5 23. Raf1 b4 24. axb4 axb4 25. Nd1 N8h7 26. Ba4 Re5 27. Nxh7 {#r}
1-0

[Event "Turkish Cup 2017"]
[Site "masterchessopen.com Antalya TUR"]
[Date "2017.02.02"]
[Round "8.14"]
[White "Aytekin,Murat Eren"]
[Black "Mecit,E"]
[Result "1-0"]
[WhiteElo "2023"]
[BlackElo "2111"]

1. d4 Nf6 2. c4 c5 3. d5 e6 4. Nc3 exd5 5. cxd5 d6 6. e4 g6 7. f4 Bg7 8. Bb5+
Nfd7 9. Nf3 a6 10. Bd3 b5 11. O-O O-O 12. Kh1 Nf6 13. e5 dxe5 14. fxe5 Ng4 15.
Bg5 Qb6 16. Qe1 Re8 17. e6 fxe6 18. Qh4 c4 19. Be4 e5 20. d6 Ra7 21. h3 Qxd6
22. Rad1 Qb4 23. hxg4 Qxb2 24. Nd5 Be6 25. Ne7+ Raxe7 26. Bxe7 Bf7 27. Ng5
Rxe7 28. Rd8+ {#r} 1-0

[Event "PRO League Atlantic 2017"]
[Site "masterchessopen.com chess.com INT"]
[Date "2017.02.01"]
[Round "4"]
[White "Cremisi,Daniel Josef"]
[Black "Oussedik,E"]
[Result "1-0"]
[WhiteElo "2148"]
[BlackElo "2155"]

1. d4 e6 2. c4 Nf6 3. Nf3 c5 4. d5 exd5 5. cxd5 d6 6. Nc3 g6 7. e4 a6 8. a4
Bg4 9. h3 Bxf3 10. Qxf3 Bg7 11. Bf4 O-O 12. Bd3 Re8 13. O-O Qe7 14. Rfe1 Nbd7
15. Qg3 Ne5 16. Bf1 Nh5 17. Qh2 Nxf4 18. Qxf4 Rac8 19. a5 h5 20. Qd2 g5 21.
Be2 g4 22. hxg4 hxg4 23. Qf4 Qh4 24. Nd1 Bh6 25. Qf5 Kg7 26. Ra3 Bd2 27. Bxg4
Nxg4 28. Rh3 Qg5 29. Rh7+ {#r} 1-0

[Event "Gibraltar Masters 2017"]
[Site "masterchessopen.com Caleta ENG"]
[Date "2017.01.30"]
[Round "7.96"]
[White "Derakhshani,Borna"]
[Black "Carlsten,P"]
[Result "1-0"]
[WhiteElo "2195"]
[BlackElo "2047"]

1. d4 f5 2. Nc3 Nf6 3. Bg5 d5 4. e3 c6 5. Bd3 Qa5 6. Nge2 Ne4 7. Bxe4 fxe4 8.
Nf4 Bf5 9. Qh5+ g6 10. Qh4 e5 11. Bf6 exf4 12. Bxh8 Ba3 13. O-O Bxb2 14. Rab1
Qxc3 15. Qxh7 Nd7 16. Bf6 Nxf6 17. Qh8+ Ke7 18. Qxa8 b5 19. Qxa7+ Bd7 20. exf4
Qxd4 21. Qb8 Ba3 22. Qh8 Kf7 23. f5 gxf5 24. Rb3 Bd6 25. Rh3 Bf4 26. Rh7+ Ke6
27. Qg7 Bd6 28. Qf7+ Ke5 29. Rh6 Ng4 30. Qg7+ {#r} 1-0

[Event "PRO League Eastern 2017"]
[Site "masterchessopen.com chess.com INT"]
[Date "2017.02.01"]
[Round "4"]
[White "Dhulipalla,Bala Chandra Prasad"]
[Black "Samolins,V"]
[Result "1-0"]
[WhiteElo "2353"]
[BlackElo "2402"]

1. d4 f5 2. Bf4 Nf6 3. e3 d5 4. Nf3 e6 5. c4 c6 6. Bd3 Bd6 7. Nc3 O-O 8. O-O
Ne4 9. Bxd6 Qxd6 10. Bxe4 dxe4 11. c5 Qe7 12. Ne5 Nd7 13. Nc4 b5 14. Na5 Nb8
15. b4 Qc7 16. f3 exf3 17. Qxf3 a6 18. Ne4 Ra7 19. Nd6 Qd7 20. e4 Rc7 21. Rae1
Qd8 22. exf5 exf5 23. Re5 Nd7 24. Re8 Qf6 25. Qb3+ Kh8 26. Nf7+ Kg8 27. Nh6+
Kh8 28. Qg8+ Rxg8 29. Rxg8# 1-0

[Event "TCh-BEL 2016-17"]
[Site "masterchessopen.com Belgium BEL"]
[Date "2017.01.29"]
[Round "6.1"]
[White "Leenhouts,K"]
[Black "Eliet,N"]
[Result "0-1"]
[WhiteElo "2499"]
[BlackElo "2385"]

1. d4 f5 2. Nf3 Nf6 3. Bf4 d6 4. e3 g6 5. Bc4 e6 6. h4 h6 7. Nbd2 Nc6 8. Qe2
Qe7 9. O-O-O Bd7 10. Rhe1 O-O-O 11. Bb5 a6 12. Bxa6 bxa6 13. Qxa6+ Kb8 14. Nc4
Nb4 15. Qa5 Nfd5 16. e4 fxe4 17. Rxe4 Qf7 18. Bd2 Kb7 19. Qa3 Ra8 20. Na5+
Rxa5 21. Qxa5 Bg7 22. Ne5 dxe5 23. dxe5 Nc6 24. Qb5+ Nb6 25. Be3 Bxe5 26. Qb3
Rb8 27. Rb4 Bd6 28. Rf4 Qe7 29. Bxb6 Kc8 30. Qa4 Rxb6 31. c3 Nb8 32. Qe4 e5
33. Rf3 Bf5 34. Qc4 h5 35. b4 e4 36. Rg3 Be5 37. Re3 Bf4 38. Qg8+ Kb7 39. Qd5+
c6 40. Qd4 Nd7 41. a4 Ne5 42. a5 Ra6 43. Kc2 Bxe3 44. fxe3 Qe6 45. Rb1 Nc4 46.
Rb3 Nd6 47. Rb2 Nb5 48. Qc5 Qd6 49. c4 Qxc5 {#R} 0-1

[Event "PRO League Eastern 2017"]
[Site "masterchessopen.com chess.com INT"]
[Date "2017.02.01"]
[Round "4"]
[White "Chakravarthi,Y"]
[Black "Samolins,V"]
[Result "0-1"]
[WhiteElo "2047"]
[BlackElo "2402"]

1. d4 f5 2. g3 Nf6 3. Bg2 g6 4. Nh3 d6 5. O-O c6 6. f3 Qc7 7. Nf2 Bg7 8. e4
Na6 9. Be3 fxe4 10. fxe4 e5 11. c3 Be6 12. Nd2 O-O 13. Qe2 Rae8 14. b4 exd4
15. Bxd4 c5 16. bxc5 dxc5 17. Be3 Nd7 18. Rfc1 Ne5 19. Bf4 h6 20. h4 Nb8 21.
Nd3 Nbd7 22. Qe3 c4 23. Nxe5 Nxe5 24. Nf3 Nxf3+ 25. Bxf3 Qa5 26. e5 Bd5 27.
Bxd5+ Qxd5 28. Rd1 Qc6 29. Rd4 g5 30. hxg5 hxg5 31. Bxg5 Rxe5 32. Qd2 Qf3 33.
Rd7 Qxg3+ {#R} 0-1

[Event "PRO League Eastern 2017"]
[Site "masterchessopen.com chess.com INT"]
[Date "2017.02.01"]
[Round "4"]
[White "De Abreu,Roberto N"]
[Black "Borisek,J"]
[Result "0-1"]
[WhiteElo "2110"]
[BlackElo "2565"]

1. d4 f5 2. g3 Nf6 3. Bg2 g6 4. Nf3 Bg7 5. b3 O-O 6. Bb2 d6 7. O-O c6 8. Nbd2
a5 9. c4 Na6 10. Qc2 Qe8 11. e4 Nb4 12. Qb1 Nxe4 13. Nxe4 fxe4 14. Qxe4 Bf5
15. Qh4 h6 16. g4 Be4 17. Ne1 Bxg2 18. Nxg2 Nd3 19. Bc3 Nf4 20. Nxf4 Rxf4 21.
Rae1 g5 22. Qg3 Qf7 23. Re3 Rf8 24. Rfe1 Rxf2 25. Rxe7 Rf1+ 26. Kg2 Qf2+ 27.
Kh3 Rf3 28. Rxg7+ Kxg7 29. d5+ Kf7 {#R} 0-1

[Event "Gibraltar Masters 2017"]
[Site "masterchessopen.com Caleta ENG"]
[Date "2017.01.31"]
[Round "8.67"]
[White "Serarols Mabras,Bernat"]
[Black "Godart,F"]
[Result "0-1"]
[WhiteElo "2242"]
[BlackElo "2381"]

1. d4 d5 2. c4 e6 3. Nf3 c6 4. e3 Bd6 5. Bd3 f5 6. O-O Nf6 7. b3 Qe7 8. Bb2
O-O 9. Nc3 Ne4 10. Qc2 Nd7 11. Ne2 b6 12. Nc1 Bb7 13. Be2 c5 14. Nd3 cxd4 15.
exd4 Rac8 16. Nfe5 Bxe5 17. Nxe5 Nxe5 18. dxe5 f4 19. Qd3 dxc4 20. bxc4 Nc5
21. Qh3 f3 22. Bxf3 Bxf3 23. gxf3 Nd3 24. Bc1 Rxc4 25. Ba3 Qf7 26. Kh1 Qxf3+
27. Qxf3 Rxf3 28. Kg2 Nxe5 29. Bd6 Rg4+ 30. Kh1 Nd3 31. Bg3 Ra4 32. Kg2 Rf5
33. Rfd1 Nc5 34. Bd6 Rd5 35. Bxc5 Rxd1 36. Rxd1 bxc5 37. Rd7 Rxa2 38. Re7 c4
39. Rxe6 c3 40. Rc6 c2 41. Rc7 a5 42. Kf3 a4 43. Ke3 a3 44. Kd2 c1=Q+ 45. Kxc1
Rxf2 {#R} 0-1

[Event "ITT Rosario 1 2017"]
[Site "masterchessopen.com Rosario ARG"]
[Date "2017.01.30"]
[Round "2.3"]
[White "Contin,D"]
[Black "Ocantos,M"]
[Result "1-0"]
[WhiteElo "2231"]
[BlackElo "2223"]

1. c4 f5 2. d4 Nf6 3. Nf3 e6 4. Nc3 Be7 5. d5 exd5 6. cxd5 Bc5 7. g3 d6 8. Bg2
Nbd7 9. Nd4 Ne5 10. f4 Neg4 11. h3 Nh6 12. b4 Bb6 13. Na4 Bxd4 14. Qxd4 O-O
15. Bb2 Qe8 16. Nc3 Qg6 17. O-O-O Bd7 18. g4 fxg4 19. e4 Nh5 20. f5 Qg5+ 21.
Kb1 g3 22. Rhf1 Qh4 23. Ne2 Rae8 24. Nf4 Nxf5 25. exf5 Bxf5+ 26. Ka1 Nf6 27.
Rde1 Rxe1+ 28. Rxe1 Re8 29. Rxe8+ Nxe8 30. Qe3 Kf7 31. Bc3 Nf6 32. Kb2 g5 33.
Ne6 h6 34. Nd8+ Kf8 35. Ne6+ Kf7 36. Ng7 Be4 37. Bxf6 Bxg2 38. Qe6+ Kg6 39.
Bxg5+ {#r} 1-0

[Event "TCh-CAT Gp2 2017"]
[Site "masterchessopen.com Barcelona ESP"]
[Date "2017.01.28"]
[Round "2.9"]
[White "Alshameary Puente,I"]
[Black "Perez Manas,B"]
[Result "0-1"]
[WhiteElo "2325"]
[BlackElo "2283"]

1. d4 f5 2. c4 Nf6 3. Nc3 g6 4. h4 d6 5. h5 Nxh5 6. Rxh5 gxh5 7. e4 fxe4 8.
Qxh5+ Kd7 9. Nxe4 c6 10. Bf4 Qe8 11. Qh4 Kc7 12. O-O-O Na6 13. a3 Bf5 14. Re1
Qg6 15. Bd3 h5 16. Nf3 Qg4 17. Qh2 Rg8 18. Nh4 Bd7 19. c5 Qe6 20. Nf3 Bh6 21.
Kb1 Bxf4 22. Qxf4 Raf8 23. Qd2 Qb3 24. Re3 Rxf3 25. Rxf3 Rxg2 26. Rg3 Rxg3 27.
fxg3 Bf5 28. cxd6+ exd6 29. Nc3 Bxd3+ 30. Qxd3 Qf7 31. Qe3 Kd7 32. d5 c5 33.
Qg5 Nc7 34. g4 Qf1+ 35. Ka2 Qc4+ 36. Ka1 Qxg4 37. Qf6 Ne8 38. Qf7+ Kd8 39.
Qxb7 Qd7 40. Qb8+ Ke7 41. Ne4 h4 42. Qb3 Qf5 43. Qe3 Qe5 44. Qe1 Nf6 45. Qxh4
Qxe4 {#R} 0-1

[Event "PRO League Central 2017"]
[Site "masterchessopen.com chess.com INT"]
[Date "2017.02.01"]
[Round "4"]
[White "O'Donnell,Conor"]
[Black "Pruijssers,R"]
[Result "0-1"]
[WhiteElo "2342"]
[BlackElo "2502"]

1. d4 f5 2. Nf3 Nf6 3. g3 g6 4. Bg2 Bg7 5. O-O O-O 6. c4 d6 7. Nc3 c6 8. Rb1
Qe8 9. d5 Na6 10. b4 Bd7 11. Ng5 h6 12. Ne6 Bxe6 13. dxe6 Nc7 14. e4 Nxe6 15.
exf5 gxf5 16. Re1 Qd7 17. Qe2 Nd4 18. Qxe7 Rae8 {#R} 0-1

[Event "Gibraltar Masters 2017"]
[Site "masterchessopen.com Caleta ENG"]
[Date "2017.01.30"]
[Round "7.48"]
[White "Salomon,J"]
[Black "Cordes,HJ"]
[Result "1-0"]
[WhiteElo "2470"]
[BlackElo "2242"]

1. d4 e6 2. c4 f5 3. g3 Nf6 4. Bg2 d5 5. Nf3 Bd6 6. O-O O-O 7. Nc3 c6 8. Rb1
Bd7 9. Qc2 Be8 10. b4 b5 11. cxb5 cxb5 12. Bf4 Bxf4 13. gxf4 Rf7 14. Ne5 Rb7
15. Nd3 Ne4 16. Nxe4 fxe4 17. Nc5 Re7 18. Rb3 Qd6 19. Qd2 Rf7 20. Rg3 a5 21.
a3 axb4 22. axb4 Nc6 23. f3 e3 24. Qxe3 Nxb4 25. Bh3 Kh8 26. Nxe6 Nc6 27. f5
Qe7 28. Qb3 Qd6 29. Kh1 b4 30. Rfg1 Raa7 31. Qe3 Qe7 32. f6 Qxf6 33. Nxg7 Bd7
34. Ne8 {#r} 1-0

[Event "Gibraltar Masters 2017"]
[Site "masterchessopen.com Caleta ENG"]
[Date "2017.01.31"]
[Round "8.29"]
[White "Bellin,R"]
[Black "Del Rio de Angelis,S"]
[Result "0-1"]
[WhiteElo "2353"]
[BlackElo "2527"]

1. d4 e6 2. Nf3 f5 3. g3 Nf6 4. Bg2 d5 5. O-O Bd6 6. c4 c6 7. b3 Qe7 8. Bb2 b6
9. Qc1 O-O 10. Ba3 Bb7 11. Bxd6 Qxd6 12. Qa3 c5 13. cxd5 exd5 14. e3 Nbd7 15.
Nc3 Ne4 16. Rac1 a6 17. Rc2 Rae8 18. Rd1 Qe6 19. Qc1 Rc8 20. Ne2 g5 21. Ne1 c4
22. bxc4 dxc4 23. f3 Nef6 24. e4 fxe4 25. Qxg5+ Kh8 26. Nf4 Qf7 27. d5 Rfe8
28. fxe4 Nxe4 29. Qh6 Qf6 30. Qxf6+ Nexf6 31. Bh3 b5 32. Be6 Rcd8 33. Rcd2 Nc5
34. Rd4 Nfe4 35. Nf3 Nd6 {#R} 0-1

[Event "PRO League Atlantic 2017"]
[Site "masterchessopen.com chess.com INT"]
[Date "2017.02.01"]
[Round "4"]
[White "Barbosa,O PHI"]
[Black "Pacheco,Dan"]
[Result "1-0"]
[WhiteElo "2518"]
[BlackElo "2279"]

1. d4 e6 2. Nf3 f5 3. g3 Nf6 4. Bg2 d5 5. O-O Bd6 6. c4 c6 7. b3 Qe7 8. Bb2
O-O 9. Qc1 b5 10. c5 Bc7 11. Ne5 Bxe5 12. dxe5 Nfd7 13. b4 a5 14. a3 g5 15.
Nd2 f4 16. gxf4 axb4 17. axb4 Rxa1 18. Bxa1 Rxf4 19. e4 Na6 20. Qa3 Nf8 21.
Re1 Ng6 22. Nf1 h5 23. Ng3 Qh7 24. exd5 cxd5 25. Qa5 h4 26. Ne2 Rf8 27. h3 Qf7
28. Rf1 Nf4 29. Nxf4 Qxf4 30. Bc3 d4 31. Bb2 d3 32. Bc3 d2 33. Qa1 g4 34. Qb1
Kg7 35. Qd3 d1=Q 36. Rxd1 Qxf2+ 37. Kh1 gxh3 38. Qxh3 Rf5 39. Qg4+ Kh6 40. Rd8
Rg5 41. Bd2 {#r} 1-0

[Event "PRO League Pacific 2017"]
[Site "masterchessopen.com chess.com INT"]
[Date "2017.02.01"]
[Round "4"]
[White "Holt,C"]
[Black "Mattson,D"]
[Result "1-0"]
[WhiteElo "2567"]
[BlackElo "2066"]

1. d4 e6 2. c4 f5 3. g3 Nf6 4. Bg2 c6 5. Nf3 d5 6. Bf4 Bb4+ 7. Nbd2 O-O 8. O-O
Be7 9. Qb3 Nbd7 10. a4 Nh5 11. Be5 Nxe5 12. dxe5 a5 13. Nd4 Bb4 14. Rfd1 Qe7
15. Nc2 Bc5 16. Qf3 g6 17. Qc3 g5 18. Nb3 Bb6 19. Ne1 g4 20. e3 Bd7 21. Nd3
Rfc8 22. Nd4 Bc7 23. Rac1 Qg7 24. cxd5 cxd5 25. Qb3 Rab8 26. Nc5 Qe7 27. Nxf5
exf5 28. Qxd5+ Kh8 29. Nxd7 Ra8 30. Qxb7 {#r} 1-0

[Event "Turkish Cup 2017"]
[Site "masterchessopen.com Antalya TUR"]
[Date "2017.01.31"]
[Round "5.5"]
[White "Koksal,E"]
[Black "Koc,I"]
[Result "1-0"]
[WhiteElo "2344"]
[BlackElo "2050"]

1. e4 d6 2. d4 Nf6 3. Nc3 c6 4. Bg5 Nbd7 5. Nf3 Qc7 6. a4 e5 7. Be2 Be7 8. O-O
h6 9. Bh4 Nf8 10. Bc4 Ng6 11. Bg3 O-O 12. h3 Nh5 13. Nxe5 Nxe5 14. Bxe5 dxe5
15. Qxh5 exd4 16. Ne2 c5 17. Ng3 Be6 18. b3 Bxc4 19. bxc4 Bg5 20. Rab1 Rfe8
21. Qg4 Re6 22. f4 Rg6 23. Nf5 Be7 24. Qf3 Bf8 25. e5 Rb8 26. Qd5 Rc6 27. Rb3
Rd8 28. Rxb7 Qxb7 29. Qxd8 Re6 30. Qd5 Qb2 31. Nd6 Re7 32. f5 Qc3 33. f6 gxf6
34. Nxf7 {#r} 1-0

[Event "TCh-LTU 2017"]
[Site "masterchessopen.com Lithuania LTU"]
[Date "2017.01.29"]
[Round "2.2"]
[White "Dambrauskaite,V"]
[Black "Rositsan,B"]
[Result "0-1"]
[WhiteElo "2019"]
[BlackElo "2097"]

1. e4 Nc6 2. Nf3 d5 3. exd5 Qxd5 4. Nc3 Qa5 5. d4 Bg4 6. Be2 O-O-O 7. Be3 Nf6
8. O-O e5 9. Nd2 Bxe2 10. Nxe2 exd4 11. Nb3 dxe3 12. Qxd8+ Kxd8 13. Nxa5 exf2+
14. Rxf2 Nxa5 15. Rf5 Nc4 16. Rb5 b6 17. a4 Bc5+ 18. Kh1 Re8 19. Nf4 Ne4 20.
g3 Ncd2 21. Kg2 c6 22. Rxc5 bxc5 23. Rd1 Kc7 24. b3 c4 25. b4 c3 26. Nd3 Nd6
27. Kf2 N6c4 28. Nf4 g5 29. Nh5 Ne3 {#R} 0-1

[Event "Gibraltar Masters 2017"]
[Site "masterchessopen.com Caleta ENG"]
[Date "2017.01.30"]
[Round "7.84"]
[White "Lochte,T"]
[Black "Povah,N"]
[Result "0-1"]
[WhiteElo "2070"]
[BlackElo "2298"]

1. e4 d5 2. exd5 Nf6 3. Bb5+ Bd7 4. Bxd7+ Qxd7 5. c4 c6 6. Nc3 cxd5 7. cxd5
Nxd5 8. Nxd5 Qxd5 9. Qf3 Qd7 10. d4 Nc6 11. Ne2 e6 12. O-O Be7 13. Be3 O-O 14.
Rfd1 Rfd8 15. Nc3 Nb4 16. Rac1 Kf8 17. a3 Nd5 18. Ne4 b6 19. Qh5 h6 20. Rd3
Rac8 21. Rf1 Nf6 22. Nxf6 Bxf6 23. Bd2 Qd5 24. Qh3 e5 25. Rf3 Qxd4 26. Bb4+
Kg8 27. Rxf6 gxf6 28. Be7 Qf4 29. g3 Qg5 30. Bxd8 Rxd8 31. Qg2 Qd2 32. Qc6 Kg7
33. Rc1 Qxb2 34. Rc3 Rd1+ 35. Kg2 Qb1 36. Qe8 Rg1+ 37. Kh3 {#R} 0-1

[Event "Turkish Cup 2017"]
[Site "masterchessopen.com Antalya TUR"]
[Date "2017.01.30"]
[Round "4.8"]
[White "Yurtseven,M"]
[Black "Koc,I"]
[Result "0-1"]
[WhiteElo "2324"]
[BlackElo "2050"]

1. e4 d5 2. exd5 Nf6 3. d4 Nxd5 4. Nf3 Bf5 5. Nh4 Bd7 6. g3 g6 7. Bg2 c6 8.
Nd2 Bg7 9. Nb3 O-O 10. O-O Nf6 11. Re1 Na6 12. Bf4 Be6 13. Be5 Bd5 14. Bf1 Nb8
15. Ng2 Nbd7 16. Nf4 Bxb3 17. axb3 Nxe5 18. dxe5 Nd5 19. Nd3 Qb6 20. h4 Rad8
21. Ra4 a5 22. c3 Qc7 23. h5 Nb6 24. Rae4 Rd5 25. Qg4 e6 26. hxg6 hxg6 27. c4
Rd7 28. Rf4 c5 29. Rfe4 Nc8 30. Nf4 Re8 31. Bh3 Rde7 32. R1e3 Na7 33. Nxg6
fxg6 34. Qxg6 Nc6 35. f4 Nd4 36. g4 Qc6 37. Bg2 Qd7 38. Rh3 Rf7 39. f5 exf5
40. Re1 fxg4 41. Rh5 Nf3+ 42. Kh1 Re6 43. Qxg4 Rxe5 44. Rexe5 {#R} 0-1